| 000 | 01191nam a22002537i 4500 | ||
|---|---|---|---|
| 999 |
_c23367 _d23367 |
||
| 003 | AR-CdUCM | ||
| 008 | 250827b20252025 pe||||| |||| 00| 0 spa d | ||
| 040 |
_aMUNICIPALIDAD PROVINCIAL DEL CUSCO _cBIBLIOTECA MUNICIPAL DEL CUSCO |
||
| 041 | _hspa | ||
| 082 |
_a373.98561 / D _bD |
||
| 110 |
_aExalumnos de la Promoción 1972 "Víctor Andrés Belaunde Diez Canseco", del Glorioso Colegio Nacional de Ciencias _951571 |
||
| 245 |
_aDos Centurias Anhelantes de gloria y saber : _bLibro conmemorativo de los exalumnos de la Promoción 1972 / |
||
| 260 | _aCusco : | ||
| 300 |
_a319 páginas. : _bIlustraciones _c29x21 cm. |
||
| 505 | _aGlorioso Colegio Nacional de Ciencias y Artes -- La casa vieja cienciana -- 45 años después, recuerdos -- ¿Qué es el Ciencianismo? -- Crónicas de un Cincuentenario -- La mamá de moisés -- El infaltable fútbol -- Arte y tradición -- Simón Bolívar y el Perú | ||
| 650 |
_aColegio Nacional Ciencias _951572 |
||
| 650 |
_aCiencianistas _951573 |
||
| 650 |
_aDrama _9560 |
||
| 650 |
_aNiño Héroe a los quice años _951574 |
||
| 650 |
_aHuarachicuy _951575 |
||
| 650 |
_aLos Mérida _951576 |
||
| 942 |
_2ddc _cLIBROS |
||
| 945 |
_apbjr _d27-08-2025 |
||